Vernunftiger Glaube : die geschichtlichen Grundlagen des Glaubens an Christus
Αποθηκεύτηκε σε:
| Κύριος συγγραφέας: | |
|---|---|
| Μορφή: | Βιβλίο |
| Γλώσσα: | German |
| Δημοσίευση: |
Berlin :
Morus-Verlag,
[1955]
|
| Θέματα: | |
| Ετικέτες: |
Προσθήκη ετικέτας
Δεν υπάρχουν, Καταχωρήστε ετικέτα πρώτοι!
|
MARC
| LEADER | 00000cam a2200000 i 4500 | ||
|---|---|---|---|
| 001 | 1/39758 | ||
| 008 | 061222s1955 gw | ||| |||| ||ger|| | ||
| 035 | |l 10086666 | ||
| 040 | |a GR-MyUa |b gre |e AACR2 | ||
| 041 | 0 | |a ger | |
| 082 | 7 | |a 360 |2 (22) | |
| 100 | 1 | |a Bulst, Werner. | |
| 245 | 1 | 0 | |a Vernunftiger Glaube : |b die geschichtlichen Grundlagen des Glaubens an Christus / |c Werner Bulst. |
| 260 | |a Berlin : |b Morus-Verlag, |c [1955] | ||
| 300 | |a 142 σ. ; |c 18 εκ. | ||
| 500 | |a Με: Christlicher Existenzialismus / Emil Brunner. - Philosophischer und christlicher Glaube / Hermann Horn. - Der unbekannte Gott / Eduard Spranger. - Theologie ohne Gott: versuch uber die menschliche Existenz in der modernen franzosischen Philosophie / Egon Vietta. | ||
| 600 | 0 | 7 | |2 nlgaf |a Ιησούς Χριστός |x Person and offices. |
| 650 | 0 | |a Faith. | |
| 852 | |a INST |b RHODES |c KRI |e 20061222 |h 360 BRU |p 005400027334 |q 005400027334 |t BK |y 0 | ||
| 901 | |a BIBL4-2006-3 | ||
| 970 | |a ΚΟΖΑ |b ΜΑΡΙΑ |z 2006/12/21 | ||